| 000 | 02372 a2200241 4500 | ||
|---|---|---|---|
| 001 | 44889 | ||
| 005 | 20260407155723.0 | ||
| 008 | 260407a2015 arg spa d | ||
| 003 | AR-UNSa-BCEJYS | ||
| 040 |
_aAR-UNSa-BCEJYS _bspa _cAR-UNSa-BCEJYS |
||
| 080 |
_a304.4(82) _xAspectos generales de las políticas y prácticas sociales y culturales en Argentina (política social) |
||
| 245 | 1 | 0 |
_aEl bienestar en brechas _plas políticas sociales en la Argentina de la posconvertibilidad |
| 020 | _a978-987-691-449-9 | ||
| 264 | 1 |
_aBuenos Aires : _bBiblos _c2015 |
|
| 300 |
_a339 p. _c23 cm. |
||
| 505 | _aPrimera Parte: Brechas contributivas: 1. Régimen previsional, seguros provinciales de salud materno-infantil transferencias a la familias en la Argentina de la pos convertibilidad / Gustavo Gamallo - 2. Diez años de transferencias a las familias con hijos en la Argentina (2003-2013): una propuesta de periodización / Pilar Arcidiácono - 3. La cuestión federal pendiente: sistemas previsionales locales y brechas contributivas / Ana María Bestard, Maximiliano Carrasco y Laura Pautassi - Segunda Parte: Brechas no contributivas y su impacto en las políticas sociales: 4. La expansión del cooperativismo de trabajo bajo programas: una mirada sobre el Programa Ingreso Social con Trabajo - Argentina Trabaja / Pilar Arcidiácono y Ángeles Bermúdez - 5. Usos y razones de las condicionalidad en la política social argentina / Mora Straschnoy - Tercera Parte: Brechas en el acceso a la vivienda: 6. La problemática habitacional en la ciudad de Buenos Aires desde la perspectiva de la provisión del bienestar / Verónica Carmona Barrenechea y Giuseppe M. Messina - 7. Las políticas de créditos hipotecarios en la ciudad de Buenos Aires para familias vulnerables: ¿mito o realidad? / Laura Royo - Cuarta Parte: 8. Cuidado, organizaciones y territorio: relaciones en transformación y la reconfiguración del espacio comunitario / Carla Zibecchi - 9. La construcción de un régimen laboral híbrido para el trabajo doméstico: el caso argentino desde la perspectiva de cuidados / Giuseppe M. Messina. | ||
| 041 | _aspa | ||
| 942 | _cBK | ||
| 590 | _aniveau_biblio:m niveau_hierar:0 | ||
| 100 | 1 | _aGamallo, Gustavo | |
| 700 | 1 | _aPautassi, Laura C. | |
| 856 | 4 | 1 |
_uhttps://www.biblioeco.unsa.edu.ar/pmb/images/libros/L127020.jpg _yImagen de portada _qimage/jpeg |
| 999 |
_c3838 _d3838 |
||